000 00688nam a22002057a 4500
003 OSt
005 20251216081401.0
008 251216b |||||||| |||| 00| 0 eng d
020 _a1-4188-6491-9.
040 _aDWCL-Main lib
_cOC
082 _23rd ed.
_aCirc. 153.6 H363f 2006
100 _aHathaway, Patti
245 _aFeedback skills for leaders :
_bbuilding constructive communication skills up and down the ladder
_cHathaway, Patti
260 _aBoston :
_bNETg,
_cc2006.
300 _aviii, 134 pages ;
_c25 cm.
650 _21. Communication.
650 _22. Feedback (Psychology).
650 _23. Interpersonal communication.
942 _2ddc
_cBK-CIRC
_e3rd edition.
_kCirc.
_n0
999 _c7134
_d7134